Transcendence and the sacred /

Bibliographic Details
Other Authors: Olson, Alan M., Rouner, Leroy S.
Format: Book
Language:English
Published: Notre Dame, Ind. : University of Notre Dame Press, [1981]
Series:Boston University studies in philosophy and religion ; v. 2.
Subjects:

MARC

Tag First Indicator Second Indicator Subfields
LEADER 00000pam a2200000 a 4500
001 in00000090977
005 20151008063840.0
008 810826s1981 inu b 00100 eng
010 |a  81050456  
020 |a 0268018413 :  |c $17.95 
035 |a (OCoLC)07775648 
035 |9 AAK3044AM 
039 0 |a 2  |b 3  |c 3  |d 3  |e 3 
040 |a DLC  |c DLC  |d TXA  |d UtOrBLW 
049 |a TXAM  |c [1196144] 
050 0 0 |a BL51  |b .T62 
082 0 |a 291  |2 19 
245 0 0 |a Transcendence and the sacred /  |c edited by Alan M. Olson and Leroy S. Rouner. 
264 1 |a Notre Dame, Ind. :  |b University of Notre Dame Press,  |c [1981] 
264 4 |c ©1981 
300 |a xv, 230 pages ;  |c 24 cm. 
336 |a text  |b txt  |2 rdacontent 
337 |a unmediated  |b n  |2 rdamedia 
338 |a volume  |b nc  |2 rdacarrier 
490 1 |a Boston Universuty studies in philosophy and religion ;  |v v. 2 
504 |a Includes bibliographical references and indexes. 
650 0 |a Religion  |x Philosophy. 
650 0 |a Transcendence (Philosophy) 
700 1 |a Olson, Alan M. 
700 1 |a Rouner, Leroy S. 
830 0 |a Boston University studies in philosophy and religion ;  |v v. 2. 
999 |a MARS 
999 f f |s 1b10a822-fc3e-34f2-875b-581ddd385456  |i d6d545cf-cc69-36b0-b344-99dec92665f5  |t 0 
952 f f |p ric  |a Texas A&M University  |b Rellis Campus  |c Joint Library Facility  |d Remote Storage  |t 0  |e BL51 .T62  |h Library of Congress classification  |i unmediated -- volume  |m A14806089295 
998 f f |a BL51 .T62  |t 0  |l Remote Storage